00348nam a22000977a 450000500170000010000660001724500890008326000270017230000090019970000420020820260629115412.0 aHira Ashraf a21-MSIT-22aSupervisor - Dr. Asghar Ali Chandio aAnalyzing The Academic Performance of Students by Using Machine Learning (Thesis MS) aNawabshahbQUESTc2024 a82p. aDepartment of Information Technology